Loading...
Adsorption by powders and porous solids
| Main Author: | |
|---|---|
| Published: |
Elsevier
2013
|
| LEADER | 00227 a2200097 4500 | ||
|---|---|---|---|
| 020 | |a 9780080970356 | ||
| 100 | |a Rouquerol, Jean | ||
| 245 | |a Adsorption by powders and porous solids | ||
| 260 | |c 2013 |b Elsevier | ||
| 942 | |c BK |6 _ | ||
| 999 | |c 71323 |d 71323 | ||